[Event "IND-chT 40th"]
[Site "Ahmedabad"]
[Date "2020.02.09"]
[Round "4.6"]
[White "Rupesh, Ranjan"]
[Black "Prasenjit, Dutta"]
[Result "0-1"]
[WhiteElo "1889"]
[BlackElo "2285"]
[PlyCount "79"]
[EventDate "2020.02.07"]
[EventType "team-swiss"]
[EventRounds "9"]
[EventCountry "IND"]
[SourceTitle "CBM 194 Extra"]
[Source "ChessBase"]
[SourceDate "2020.03.31"]
[SourceVersion "1"]
[SourceVersionDate "2020.03.31"]
[SourceQuality "1"]
[WhiteTeam "Bihar II"]
[BlackTeam "Delhi II"]
[WhiteTeamCountry "IND"]
[BlackTeamCountry "IND"]

1. e4 d6 2. d4 Nd7 3. Nc3 e5 4. Nf3 c6 5. a4 Be7 6. Be3 Ngf6 7. h3 Qc7 8. Be2 Nf8 9. Qd2 Ng6 10. g4 h6 11. Nh2 Nh7 12. Nf1 Nh4 13. 0-0-0 Qa5 14. Ng3 Ng2 15. Nf5 Bxf5 16. exf5 Nxe3 17. fxe3 exd4 18. Qxd4 0-0 19. h4 Bf6 20. Qd3 d5 21. Rh3 Rfe8 22. Rdh1 Bxc3 23. bxc3 Nf6 24. Bf3 Qxa4 25. g5 Qa3+ 26. Kd1 Ne4 27. Ke2 h5 28. Bxh5 Re5 29. f6 Nxc3+ 30. Kf1 Qa6 31. fxg7 Ne4 32. Kg2 Rf5 33. Bf3 Re8 34. Qxa6 bxa6 35. Ra1 Nd2 36. Bg4 Rfe5 37. Rxa6 Nc4 38. Bh5 Nxe3+ 39. Kf2 Kxg7 40. Rxa7 0-1

[Event "IND-chT 35th"]
[Site "Goa"]
[Date "2015.02.23"]
[Round "6"]
[White "Rupesh, Ranjan"]
[Black "Nitin, Senthilvel"]
[Result "0-1"]
[WhiteElo "1873"]
[BlackElo "2357"]
[PlyCount "74"]
[EventDate "2015.02.20"]
[EventType "team-swiss"]
[EventRounds "9"]
[EventCountry "IND"]
[SourceTitle "CBM 165 Extra"]
[Source "ChessBase"]
[SourceDate "2015.04.21"]
[SourceVersion "1"]
[SourceVersionDate "2015.04.21"]
[SourceQuality "1"]
[WhiteTeam "Bihar State"]
[BlackTeam "Airports Authority"]
[WhiteTeamCountry "IND"]
[BlackTeamCountry "IND"]

1. e4 e5 2. Nf3 d6 3. d4 exd4 4. Nxd4 Nf6 5. Nc3 g6 6. Bc4 Bg7 7. f3 0-0 8. Be3 c6 9. Qd2 b5 10. Ndxb5 d5 11. exd5 cxb5 12. Bxb5 Bd7 13. Bc4 Qc8 14. Bb3 a5 15. Na4 Bxa4 16. Bxa4 Qc4 17. Bb3 Qh4+ 18. g3 Qh3 19. Kf2 Nbd7 20. Rae1 a4 21. Bc4 Ne5 22. Bb5 Rab8 23. Bf1 Qh5 24. Be2 Nxd5 25. Bd4 Rfd8 26. c3 Nb6 27. f4 Qf5 28. Qc1 Nd3+ 29. Bxd3 Bxd4+ 30. Ke2 Qg4+ 31. Kd2 Bf2 32. Kc2 Bxe1 33. Qxe1 Qf3 34. Be4 Qh5 35. b3 axb3+ 36. axb3 Re8 37. Qe3 Qa5 0-1